| 000 | 00505nam a2200205Ia 4500 | ||
|---|---|---|---|
| 003 | OSt | ||
| 005 | 20250506142957.0 | ||
| 008 | 210423s2010 xx 000 0 und d | ||
| 020 | _a415254027 | ||
| 040 | _cAL | ||
| 041 | _aeng | ||
| 082 |
_a801.95 _223 _bRICP |
||
| 100 |
_aRichards I A _989213 |
||
| 245 | _aPrinciples of literary criticism | ||
| 260 |
_aLondon _bRoutledge _c2010 |
||
| 300 |
_ax,283 _bPB |
||
| 365 |
_b350 _cINR |
||
| 906 | _acriticism. ; literary ; Principles | ||
| 942 |
_2ddc _cBK |
||
| 999 |
_c159921 _d159921 |
||